Statistiques concernant Pays équatoriaux

Cliquez ici pour prendre le quiz!

Statistiques générales

  • Ce quiz a été pris 6 925 fois
  • Le résultat moyen est 8 sur 11

Statistiques - réponses

Pays% Correct
Équateur
97%
Brésil
91%
République démocratique
du Congo
86%
République du Congo
85%
Indonésie
82%
Colombie
74%
Kenya
73%
Gabon
62%
Ouganda
55%
Somalie
54%
Sao Tomé-et-Principe
29%

Distribution des résultats

Percentile par nombre de réponses

% des personnes avec chaque résultat

Votre développement - résultats

Vous n’avez pas pris ce quiz